Super Mario Characters - Statistics

General Stats
  • This quiz has been taken 2,269 times
  • The average score is 30 of 51
Answer Stats
Description Character % Correct
Main Character Mario
99%
Brother of ^ Luigi
98%
Princess of the Mushroom Kingdom Peach
97%
Main villian Bowser
96%
Green Dinosaur Yoshi
96%
One of many citizens of the Mushroom Kingdom that wear a mushroom hat Toad
95%
Ape with a tie Donkey Kong
94%
Rival of Mario Wario
92%
Cousin of ^ Daisy
90%
Sidekick of ^ Diddy Kong
89%
Partner of ^ Waluigi
89%
Son of ^ Bowser Jr
87%
White ghost Boo
86%
Female version of Toad Toadette
86%
King of all ghosts King Boo
81%
Most common enemy in Mario games Goomba
76%
Pink Dinosaur Birdo
74%
Turtle enemy Koopa Troopa
74%
Baby Baby Mario
73%
Baby Baby Luigi
72%
Baby Baby Peach
72%
Minion of ^ Dry Bones
68%
Baby Baby Daisy
67%
Bowser as a skeleton Dry Bowser
67%
Chain and ball with a dog-like personality Chain Chomp
64%
Hammer throwing villian Hammer Bro
61%
Villian that floats on a cloud Lakitu
60%
Watcher of the Stars Rosalina
60%
Wears a white mask, is often seen as a referee in different sports Shy Guy
60%
Goomba with wings Paragoomba
50%
Giant caterpillar Wiggler
50%
Turtle enemy with wings Paratroopa
48%
Squid villian Blooper
45%
Member of the Kong family that surfs and plays baseball Funky Kong
41%
Diddy Kong's girlfriend Dixie Kong
39%
Father figure to Donkey Kong Cranky Kong
37%
Main villian from the Donkey Kong franchise King K Rool
37%
Koppas that use magic Magikoopa
37%
Assistant to the princess Toadsworth
37%
Mole villian Monty Mole
34%
Kong that is nicknamed 'Tiny' Tiny Kong
34%
Enemies related to ^ Piranha Plant
28%
First Boss in Super Mario Sunshine Petey Piranha
26%
Donkey Kong's girlfriend Candy Kong
22%
Resident of Isle Delfino Pianta
22%
Baby Baby Donkey Kong
19%
Playable character in Mario Party 5 and 6, (appeared in 1-4, and 7) Koopakid
12%
Another resident of Isle Delfino Noki
12%
A pink ghost Pink Boo
11%
Minion of ^ Kritter
10%
Alien banana Xananab
4%
No matching quizzes found
Score Distribution
Percent of People with Each Score
Percentile by Number Answered
Your Score History
You have not taken this quiz